000 00348nam a2200133Ia 4500
008 240624s9999 xx 000 0 und d
041 _aeng
082 _a658.452 HAR
100 _aHARTLEY MARY
245 _aPOWER OF LISTENING BUILD RICHER AND STRO
260 _c2016
_aMumbai
_bJaico Publishing
300 _a122 : p. : cm. ; 21
365 _cRS
_b35
999 _c26767
_d26767